Los Compromisos ambientales en Centroamérica I

Guardat en:
Dades bibliogràfiques
Format: Text
Matèries:
Etiquetes: Afegir etiqueta
Sense etiquetes, Sigues el primer a etiquetar aquest registre!

MARC

LEADER 00000 a a2200000 04500
001 6600
003
040
245 |a Los Compromisos ambientales en Centroamérica I  
650 |a MEDIO AMBIENTE  
650 |a POLITICA AMBIENTAL  
650 |a CONSERVACION DE LA NATURALEZA  
773 |g volumen 23, número 1014; páginas 11-13  
999 |c 23642  |d 23642